00350pab a2200133 454500008004000000100002200040245007800062260000900140300001300149362001100162650001300173650001000186773002000196180718b2012 xxu||||| |||| 00| 0 eng d aChinara, Benudhar aEducating self for peace and teachers: A process of social transformation c2012 ap.10-15. a23 Jul aTeachers aPeace aUniversity News